00678nam a2200241 a 4500001001300000003000900013005001700022008004100039020001000080082001400090100001900104245003600123260004000159300000900199500003500208505001000243650001900253700001900272902000800291942000700299952011500306999001500421nice12345678IN_TiNIC20260116012547.0050524s0000 chea grp 000 0 eng  ac10000a270bBUR1 aBurtan, Edward aHistory of the Christian Church aChennai bLilly Soosai Opset c0000 a416p aincludes index and biblioraphy2 aIndex aChurch-History1 aBurtan, Edward bSRS cBK 001040708StackRoom-aHMIbHMId2007-07-16g100.00l0o270 BUR1p012752r2007-07-16v100.00w2005-05-24yBK c7469d7469